| 000 -LEADER | |
|---|---|
| fixed length control field | 00464nam a22001697a 4500 |
| 005 - DATE AND TIME OF LATEST TRANSACTION | |
| control field | 20230119122401.0 |
| 008 - FIXED-LENGTH DATA ELEMENTS--GENERAL INFORMATION | |
| fixed length control field | 200517b xxu||||| |||| 00| 0 eng d |
| 020 ## - INTERNATIONAL STANDARD BOOK NUMBER | |
| ISBN | 9798186270744 |
| 041 ## - LANGUAGE CODE | |
| Language code of text/sound track or separate title | eng |
| 082 ## - DEWEY DECIMAL CLASSIFICATION NUMBER | |
| Classification number | 615.19 SID |
| 100 ## - MAIN ENTRY--AUTHOR NAME | |
| Personal name | Siddique ,Dr. Anees ,Ahmad |
| 245 ## - TITLE STATEMENT | |
| Title | INORGANIC PHARMACEUTICAL CHEMISTRY |
| 260 ## - PUBLICATION, DISTRIBUTION, ETC. (IMPRINT) | |
| Place of publication | New Delhi |
| Name of publisher | CBS Publishers and distributors |
| Year of publication | 2019 |
| 300 ## - PHYSICAL DESCRIPTION | |
| Number of Pages | 264, viii |
| 650 ## - SUBJECT ADDED ENTRY--TOPICAL TERM | |
| Topical Term | Pharmacy |
| General subdivision | B.PHARMA |
| 942 ## - ADDED ENTRY ELEMENTS (KOHA) | |
| Koha item type | Books |
| Lost status | Damaged status | Collection code | Home library | Current library | Shelving location | Date acquired | Source of acquisition | Cost, normal purchase price | Full call number | Accession Number | Koha item type |
|---|---|---|---|---|---|---|---|---|---|---|---|
| Reference | JRU Library | JRU Library | Shelf - 25- C | 17/05/2020 | PURCHASE | 350.00 | 615.19 SID | 23930 | Books | ||
| PHARMACY | JRU Library | JRU Library | SHELF-17-E | 17/05/2020 | PURCHASE | 350.00 | 615.19 SID | 23931 | Books | ||
| PHARMACY | JRU Library | JRU Library | SHELF-20-E | 17/05/2020 | PURCHASE | 350.00 | 615.19 SID | 23932 | Books |